000 00884nas a2200289 4500
001 BR2014003910
003 BR-BrBNA
005 20231205124151.0
007 ta
008 230509b bl.|||p| |||| 00| 00por d
040 _aBR-BrBNA
_bpor
_cBiblioteca Nacional de Agricultura
041 _a(Pt)
072 _aF30; K10
100 1 _aSilva, S.M.M.
100 1 _aMartins, K.
100 1 _aMesquita, A.G.G.
100 1 _aWadt, L.H. de Ol
245 1 _aParâmetros genéticos para a conservação de Hymenaea courbaril L. na Amazônia sul-ocidental
650 _aPARÂMETRO GENÉTICO
650 _aJATOBÁ
650 _aÁRVORE ANGIOSPERMA
650 _aCONSERVAÇÃO
650 _aAMAZÔNIA
773 0 _tCiência Florestal (Brazil)
_xISSN 0103-9954
_g(Jan-Mar 2014), v. 24(1) p. 87-95
_wBR2014003910
909 _a202311
_bLúcia
_c55
_dLúcia Elande
942 _2AGRIS
_n0
_cANA
999 _c237647
_d237647